| 000 | 02040nam0a2200385 4500 | ||
|---|---|---|---|
| 001 | RU\NLR\bibl\1036149 | ||
| 005 | 20260405071044.0 | ||
| 010 |
_a5-222-09386-7 _bВ пер. _95000 |
||
| 021 |
_aRU _b2006-79682 _94041 |
||
| 035 | _a(nilc)RSL-KNO-002996437 | ||
| 035 | _a(NLR Aleph) 001023576 | ||
| 090 |
_a713937 _c713937 |
||
| 100 | _a20061208d2006 |||y0rusy50 ca | ||
| 101 | 0 | _arus | |
| 102 | _aRU | ||
| 105 | _ay zzzz||||| | ||
| 106 | _ar | ||
| 200 | 1 |
_aМы родом из Страшного Детства, или Как стать хозяином своего прошлого, настоящего и будущего _fС.В. Ковалев |
|
| 210 |
_aРостов-на-Дону _cФеникс _d2006 _eРостов н/Д _gКнига |
||
| 215 |
_a216, [7] с. _cил., табл. _d20 |
||
| 225 | 1 |
_aКоды вашей судьбы _eцикл _vкн. 2 |
|
| 300 | _aНа 4-й с. обл. авт.: Ковалев Сергей Викторович - психолог, психотерапевт, д.психол.н., проф., акад. IIA | ||
| 320 | _aБиблиогр.: с. 215-216 (24 назв.) | ||
| 320 | _aСписок кн. С.В. Ковалева по НЛП в конце кн. | ||
| 606 | 1 |
_aЛичность _xСаморазвитие _91532924 _3RU\NLR\auth\66667698 |
|
| 610 | 0 | _aПсихология -- Отраслевая (прикладная) психология -- Медицинская психология -- Клиническая психология -- Лечебное воздействие на организм путем воздействия на психику больного. Психотерапия | |
| 686 |
_aЮ948.1-82,0 _2rubbk |
||
| 686 | _aЮ937.234 | ||
| 700 | 1 |
_4070 _8rus _7ca _aКовалев _bС. В. _cд-р психол. наук _f1954- _gСергей Викторович _3RU\NLR\AUTH\7724213 _97264 |
|
| 801 | 0 |
_aRU _bРКП _c20061208 _grcr |
|
| 801 | 1 |
_aRU _bРГБ _c20061208 |
|
| 801 | 2 |
_aRU _bNLR _c20070125 _grcr |
|
| 942 | _cBOOK | ||
| 980 | _aNB | ||